[Event "7th Boris Kostic mem"]
[Site "Vrsac"]
[EventDate "1977.09.14"]
[Date "1977.09.24"]
[Round "10"]
[White "Schmidt, Wlodzimierz"]
[Black "Janosevic, Dragoljub"]
[Result "1-0"]
[WhiteElo "2490"]
[BlackElo "2435"]
[PlyCount "103"]
[Source "Perpetual Check"]

1. e4 c5 2. Nf3 Nc6 3. d4 cxd4 4. Nxd4 Qc7 5. Nc3 e6 6. Be2 a6 7. O-O Nf6 8.
Be3 d6 9. f4 Be7 10. Kh1 O-O 11. Qe1 Bd7 12. Qg3 b5 13. a3 Nxd4 14. Bxd4 Bc6
15. Rae1 g6 16. f5 e5 17. Be3 Kh8 18. Qh4 gxf5 19. Bg5 Ng8 20. Rxf5 Bxg5 21.
Rxg5 f5 22. exf5 Nf6 23. Bd3 d5 24. Ne2 Rae8 25. c3 Qd8 26. Ng3 e4 27. Bb1 Ng8
28. Qh5 Re5 29. Ne2 Be8 30. Qh4 Qf6 31. Nd4 Ne7 32. Rf1 Bd7 33. Qf4 Nc6 34.
Nxc6 Bxc6 35. Qe3 Be8 36. g3 a5 37. Kg1 b4 38. axb4 axb4 39. Bc2 Bb5 40. Rf2
bxc3 41. bxc3 Bc4 42. Rh5 Re7 43. g4 Rg7 44. h3 Rb7 45. Rh6 Qe5 46. Re6 Qg7 47.
f6 Qc7 48. f7 Qxf7 49. Rxf7 Rbxf7 50. Bxe4 Rf1+ 51. Kg2 R1f4 52. Bf5 1-0

[Event "7th Boris Kostic mem"]
[Site "Vrsac"]
[EventDate "1977.09.14"]
[Date "1977.09.26"]
[Round "11"]
[White "Janosevic, Dragoljub"]
[Black "Quinteros, Miguel Angel"]
[Result "1-0"]
[WhiteElo "2435"]
[BlackElo "2555"]
[PlyCount "73"]
[Source "Perpetual Check"]

1. e4 c5 2. Nf3 d6 3. d4 cxd4 4. Nxd4 Nf6 5. Nc3 a6 6. f4 Qc7 7. Nf3 Nbd7 8.
Bd3 g6 9. O-O Bg7 10. Qe1 Nc5 11. Bd2 b5 12. b4 Nxd3 13. cxd3 Bb7 14. Rc1 Qd8
15. f5 Qd7 16. Ne2 Rc8 17. Rxc8+ Bxc8 18. Ned4 e5 19. fxe6 fxe6 20. Ng5 Qa7 21.
Be3 Qe7 22. Qc1 O-O 23. e5 Nd5 24. Rxf8+ Bxf8 25. Qxc8 Nxe3 26. Ndxe6 Nf5 27.
Nxf8 Qxf8 28. Qe6+ Kg7 29. Qd7+ Kh6 30. Nf7+ Kh5 31. Nxd6 Qh6 32. Nxf5 Qc1+ 33.
Kf2 Qf4+ 34. Ke2 Qg4+ 35. Ke3 Qg5+ 36. Kd4 Qg4+ 37. Kd5 1-0

[Event "7th Boris Kostic mem"]
[Site "Vrsac"]
[EventDate "1977.09.14"]
[Date "1977.09.26"]
[Round "11"]
[White "Matanovic, Aleksandar"]
[Black "Schmidt, Wlodzimierz"]
[Result "1/2-1/2"]
[WhiteElo "2505"]
[BlackElo "2490"]
[PlyCount "55"]
[Source "Perpetual Check"]

1. e4 c5 2. Nf3 e6 3. d4 cxd4 4. Nxd4 Nf6 5. Nc3 d6 6. f4 a6 7. Qf3 Qb6 8. Nb3
Nbd7 9. Be3 Qc7 10. g4 b5 11. Bd3 Nc5 12. g5 b4 13. Nd1 Nfd7 14. Nf2 Bb7 15.
Nxc5 Nxc5 16. Bd4 e5 17. Be3 exf4 18. Bxf4 Be7 19. O-O-O Nxd3+ 20. Qxd3 Rc8 21.
Kb1 O-O 22. Rhg1 Kh8 23. Rd2 Rfd8 24. Qb3 a5 25. Rgd1 Ba6 26. Ng4 Bc4 27. Qg3
Be6 28. Ne3 1/2-1/2

[Event "7th Boris Kostic mem"]
[Site "Vrsac"]
[EventDate "1977.09.14"]
[Date "1977.09.26"]
[Round "11"]
[White "Knezevic, Milorad"]
[Black "Kapelan, Milorad"]
[Result "1-0"]
[WhiteElo "2500"]
[BlackElo "2340"]
[PlyCount "107"]
[Source "Perpetual Check"]

1. d4 Nf6 2. c4 e6 3. Nc3 d5 4. Nf3 Be7 5. Bf4 O-O 6. e3 c5 7. dxc5 Qa5 8. Nd2
dxc4 9. Bd6 Bxd6 10. cxd6 Qc5 11. Nxc4 b5 12. Na5 a6 13. Nb3 Qb6 14. Qd4 Qxd4
15. Nxd4 Rd8 16. O-O-O Rxd6 17. Be2 Nbd7 18. Bf3 Ra7 19. Nc6 Rxd1+ 20. Rxd1 Rc7
21. Ne7+ Kf8 22. Nxc8 Rxc8 23. Kb1 Rb8 24. Rd6 Rb6 25. Rxb6 Nxb6 26. b4 Nc4 27.
Kc2 Ne8 28. Kd3 Ke7 29. Kd4 Kd7 30. a4 Ned6 31. axb5 Nxb5+ 32. Nxb5 axb5 33.
Kc5 Nd6 34. Bc6+ Ke7 35. e4 f6 36. f3 g5 37. Bxb5 Nb7+ 38. Kd4 Kd6 39. Ba6 Nd8
40. b5 e5+ 41. Kc4 Ne6 42. Bc8 Nf4 43. g3 Ng2 44. b6 Kc6 45. b7 Kc7 46. Kd5 h5
47. Ke6 Ne1 48. Kxf6 Nxf3 49. h3 Kb8 50. Ke6 Kc7 51. Kd5 Kb8 52. Kd6 h4 53.
gxh4 gxh4 54. Ke6 1-0

[Event "7th Boris Kostic mem"]
[Site "Vrsac"]
[EventDate "1977.09.14"]
[Date "1977.09.26"]
[Round "11"]
[White "Ivanovic, Bozidar"]
[Black "Bukic, Enver"]
[Result "1/2-1/2"]
[WhiteElo "2440"]
[BlackElo "2490"]
[PlyCount "70"]
[Source "Perpetual Check"]

1. e4 c5 2. Nf3 d6 3. d4 cxd4 4. Nxd4 Nf6 5. Nc3 a6 6. Bg5 e6 7. Qf3 h6 8. Bh4
Nbd7 9. Be2 Be7 10. Qe3 Qc7 11. O-O-O b5 12. a3 Bb7 13. f4 O-O-O 14. Kb1 Nc5
15. Bf3 Rhe8 16. g3 d5 17. e5 Nfe4 18. Bxe4 dxe4 19. Bxe7 Qxe7 20. b4 Na4 21.
Nb3 Nxc3+ 22. Qxc3+ Qc7 23. Nc5 Rd5 24. Rd4 Rxd4 25. Qxd4 Rd8 26. Qe3 Qc6 27.
Re1 Qd5 28. Qc3 Qd4 29. Nxe4+ Qxc3 30. Nxc3 g5 31. Rd1 Rg8 32. Rd2 gxf4 33.
gxf4 Rg1+ 34. Kb2 Rf1 35. Rd4 Rh1 1/2-1/2

[Event "7th Boris Kostic mem"]
[Site "Vrsac"]
[EventDate "1977.09.14"]
[Date "1977.09.26"]
[Round "11"]
[White "Marjanovic, Slavoljub"]
[Black "Torre, Eugenio"]
[Result "1/2-1/2"]
[WhiteElo "2355"]
[BlackElo "2550"]
[PlyCount "105"]
[Source "Perpetual Check"]

1. c4 e5 2. Nc3 Nf6 3. g3 d6 4. Bg2 c6 5. d4 Nbd7 6. e3 Be7 7. Nge2 O-O 8. O-O
Re8 9. b3 Bf8 10. Qc2 Nb6 11. Rd1 Qc7 12. Bb2 Bg4 13. Rd2 Qc8 14. Rc1 h5 15.
Ba3 e4 16. Bxd6 Bxd6 17. c5 Bf3 18. cxd6 h4 19. h3 hxg3 20. Nxg3 Bxg2 21. Kxg2
Qe6 22. Rf1 Nbd5 23. Nxd5 Nxd5 24. Re2 Qg6 25. Kh2 Qxd6 26. f3 exf3 27. Rxf3
Nf6 28. Kg2 Qd5 29. Qc4 Rad8 30. Ref2 Rd7 31. Kh2 Ne4 32. Qxd5 cxd5 33. Nxe4
Rxe4 34. Rg3 Rc7 35. Rfg2 g6 36. Rg5 Rxe3 37. Rxd5 Rcc3 38. Rf2 Rxh3+ 39. Kg2
Rhg3+ 40. Kh2 Rh3+ 41. Kg2 Rcg3+ 42. Kf1 Rf3 43. Rd7 Rxf2+ 44. Kxf2 Rh2+ 45.
Ke3 Rxa2 46. Rxb7 Kg7 47. d5 Kf6 48. b4 Ra6 49. Kd4 Rb6 50. Rxa7 Rxb4+ 51. Kc5
Rb1 52. d6 g5 53. Ra8 1/2-1/2

[Event "7th Boris Kostic mem"]
[Site "Vrsac"]
[EventDate "1977.09.14"]
[Date "1977.09.26"]
[Round "11"]
[White "Kurajica, Bojan"]
[Black "Marovic, Drazen"]
[Result "1/2-1/2"]
[WhiteElo "2530"]
[BlackElo "2475"]
[PlyCount "36"]
[Source "Perpetual Check"]

1. e4 e5 2. Nf3 Nf6 3. Nxe5 d6 4. Nf3 Nxe4 5. Qe2 Qe7 6. d3 Nf6 7. Bg5 Qxe2+ 8.
Bxe2 Be7 9. O-O Nd5 10. Bxe7 Nxe7 11. Re1 Nbc6 12. c3 Bf5 13. Nbd2 O-O 14. Nh4
Bd7 15. d4 Rae8 16. Bd3 Ng6 17. Nxg6 hxg6 18. Rxe8 Rxe8 1/2-1/2

[Event "7th Boris Kostic mem"]
[Site "Vrsac"]
[EventDate "1977.09.14"]
[Date "1977.09.26"]
[Round "11"]
[White "Smejkal, Jan"]
[Black "Makarichev, Sergei"]
[Result "1-0"]
[WhiteElo "2575"]
[BlackElo "2515"]
[PlyCount "67"]
[Source "Perpetual Check"]

1. c4 Nf6 2. Nc3 e6 3. Nf3 b6 4. e4 Bb7 5. Bd3 c5 6. Bc2 Nc6 7. d4 cxd4 8. Nxd4
Nxd4 9. Qxd4 Bc5 10. Qd1 h5 11. h3 d5 12. cxd5 exd5 13. e5 Ne4 14. Nxe4 dxe4
15. O-O Qc7 16. b4 Rd8 17. Ba4+ b5 18. Bxb5+ Kf8 19. Qc2 Bb6 20. Qxc7 Bxc7 21.
Be3 a6 22. Rac1 Bxe5 23. Bc6 Bxc6 24. Rxc6 Ra8 25. Rd1 f6 26. Rd7 Kg8 27. Ra7
Rd8 28. g3 h4 29. g4 Rd1+ 30. Kg2 Kh7 31. Raxa6 Rb1 32. Rc4 Rd8 33. Rxe4 Rdd1
34. g5 1-0

[Event "7th Boris Kostic mem"]
[Site "Vrsac"]
[EventDate "1977.09.14"]
[Date "1977.09.27"]
[Round "12"]
[White "Quinteros, Miguel Angel"]
[Black "Makarichev, Sergei"]
[Result "1/2-1/2"]
[WhiteElo "2555"]
[BlackElo "2515"]
[PlyCount "30"]
[Source "Perpetual Check"]

1. c4 e5 2. Nc3 Nf6 3. Nf3 Nc6 4. g3 Bb4 5. Nd5 e4 6. Nh4 O-O 7. Bg2 Re8 8. O-O
Bc5 9. d3 exd3 10. Qxd3 Ne5 11. Qc2 Nxd5 12. cxd5 d6 13. b3 a5 14. a3 Bd7 15.
Bb2 Qg5 1/2-1/2

[Event "7th Boris Kostic mem"]
[Site "Vrsac"]
[EventDate "1977.09.14"]
[Date "1977.09.27"]
[Round "12"]
[White "Marovic, Drazen"]
[Black "Smejkal, Jan"]
[Result "0-1"]
[WhiteElo "2475"]
[BlackElo "2575"]
[PlyCount "82"]
[Source "Perpetual Check"]

1. d4 Nf6 2. c4 g6 3. g3 Bg7 4. Bg2 O-O 5. Nc3 d6 6. Nf3 Nc6 7. O-O a6 8. h3 e5
9. d5 Ne7 10. c5 b5 11. cxb6 cxb6 12. e4 b5 13. b4 Bd7 14. Be3 Nc8 15. Nd2 Nb6
16. Rc1 Rc8 17. Re1 Nc4 18. Nxc4 Rxc4 19. Qb3 Nh5 20. Bf1 Rc8 21. Kh2 f5 22.
exf5 gxf5 23. Be2 f4 24. Ba7 fxg3+ 25. fxg3 Nxg3 26. Kxg3 Rf4 27. Kh2 Qh4 28.
Nb1 Rxc1 29. Rxc1 Re4 30. Rc2 Rxb4 31. Qg3 Qxg3+ 32. Kxg3 Rxb1 33. Bb8 Bf8 34.
Bf3 b4 35. Rc7 Bf5 36. Bh5 b3 37. Bf7+ Kh8 38. axb3 Rxb3+ 39. Kh4 Rxb8 40. Kg5
Be4 41. Ra7 Bg7 0-1

[Event "7th Boris Kostic mem"]
[Site "Vrsac"]
[EventDate "1977.09.14"]
[Date "1977.09.27"]
[Round "12"]
[White "Torre, Eugenio"]
[Black "Kurajica, Bojan"]
[Result "1/2-1/2"]
[WhiteElo "2550"]
[BlackElo "2530"]
[PlyCount "81"]
[Source "Perpetual Check"]

1. e4 c5 2. Nf3 Nc6 3. d4 cxd4 4. Nxd4 Qc7 5. Nc3 e6 6. Be2 a6 7. O-O Nf6 8.
Kh1 Bb4 9. Bg5 Bxc3 10. Bxf6 gxf6 11. bxc3 Ne7 12. Qd2 d5 13. exd5 Nxd5 14. c4
Nf4 15. Bf3 O-O 16. Rad1 Ng6 17. Ne2 Qxc4 18. Ng3 Qf4 19. Nh5 Qxd2 20. Nxf6+
Kg7 21. Nh5+ Kh6 22. Rxd2 Nh4 23. Be2 b5 24. Rd4 Ng6 25. Rfd1 e5 26. Rd6 Be6
27. Nf6 Kg7 28. Nh5+ Kh8 29. h3 Nh4 30. Bg4 Nf5 31. R6d2 Rac8 32. Re1 Rc5 33.
Rde2 Nd4 34. Rxe5 Rxe5 35. Rxe5 Bxa2 36. c3 Ne6 37. f4 Ng7 38. Nf6 Bc4 39. Bd7
Rb8 40. Ne4 Rd8 41. Nf6 1/2-1/2

[Event "7th Boris Kostic mem"]
[Site "Vrsac"]
[EventDate "1977.09.14"]
[Date "1977.09.27"]
[Round "12"]
[White "Bukic, Enver"]
[Black "Marjanovic, Slavoljub"]
[Result "1/2-1/2"]
[WhiteElo "2490"]
[BlackElo "2355"]
[PlyCount "28"]
[Source "Perpetual Check"]

1. d4 d5 2. c4 e6 3. Nc3 c5 4. cxd5 exd5 5. Nf3 Nc6 6. g3 Nf6 7. Bg2 Be7 8. O-O
O-O 9. b3 Ne4 10. Bb2 Bf6 11. Na4 cxd4 12. Nxd4 Bd7 13. Rc1 Re8 14. e3 Rc8
1/2-1/2

[Event "7th Boris Kostic mem"]
[Site "Vrsac"]
[EventDate "1977.09.14"]
[Date "1977.09.27"]
[Round "12"]
[White "Schmidt, Wlodzimierz"]
[Black "Knezevic, Milorad"]
[Result "1/2-1/2"]
[WhiteElo "2490"]
[BlackElo "2500"]
[PlyCount "29"]
[Source "Perpetual Check"]

1. c4 f5 2. Nf3 Nf6 3. g3 g6 4. b3 Bg7 5. Bb2 O-O 6. Nc3 d6 7. d4 c6 8. Bg2 a5
9. O-O Qc7 10. d5 Na6 11. Nd4 Bd7 12. Qd2 Nc5 13. Rab1 Rfe8 14. Rfd1 Rad8 15.
e3 1/2-1/2

[Event "7th Boris Kostic mem"]
[Site "Vrsac"]
[EventDate "1977.09.14"]
[Date "1977.09.28"]
[Round "13"]
[White "Matanovic, Aleksandar"]
[Black "Quinteros, Miguel Angel"]
[Result "1/2-1/2"]
[WhiteElo "2505"]
[BlackElo "2555"]
[PlyCount "67"]
[Source "Perpetual Check"]

1. e4 c5 2. Nf3 d6 3. d4 cxd4 4. Nxd4 Nf6 5. Nc3 a6 6. Be2 e5 7. Nb3 Be7 8. a4
Be6 9. f4 Qc7 10. f5 Bc4 11. Bxc4 Qxc4 12. Qe2 Qc7 13. O-O Nbd7 14. a5 Qc6 15.
Rd1 Rc8 16. Kh1 h6 17. Qf3 b5 18. axb6 Qxb6 19. Qe2 Ra8 20. Be3 Qb7 21. Qc4 O-O
22. Na5 Rfc8 23. Nxb7 Rxc4 24. Na5 Rcc8 25. Ra4 Rab8 26. Nb3 Nb6 27. Rxa6 Nc4
28. Bc1 Ng4 29. Re1 Bg5 30. Nd5 Kh7 31. Bxg5 hxg5 32. h3 Nf6 33. Nxf6+ gxf6 34.
Ra2 1/2-1/2

[Event "7th Boris Kostic mem"]
[Site "Vrsac"]
[EventDate "1977.09.14"]
[Date "1977.09.28"]
[Round "13"]
[White "Knezevic, Milorad"]
[Black "Janosevic, Dragoljub"]
[Result "1/2-1/2"]
[WhiteElo "2500"]
[BlackElo "2435"]
[PlyCount "90"]
[Source "Perpetual Check"]

1. d4 Nf6 2. c4 e6 3. Nc3 d5 4. Nf3 Be7 5. Bf4 O-O 6. e3 c6 7. c5 Nbd7 8. Bd3
Nh5 9. O-O Nxf4 10. exf4 b6 11. b4 bxc5 12. bxc5 Qa5 13. Qc2 g6 14. Rfe1 Bf6
15. Ne5 Nxe5 16. fxe5 Bg5 17. Rab1 Ba6 18. Bxa6 Qxa6 19. Rb4 Rfb8 20. Reb1 Qc8
21. R4b2 Bd8 22. Na4 f6 23. Qe2 fxe5 24. Qxe5 Rxb2 25. Rxb2 Bc7 26. Qf6 Qd7 27.
Re2 Re8 28. Nb2 Qf7 29. Qxf7+ Kxf7 30. f4 Rb8 31. Nd3 Ke7 32. Kf2 Rf8 33. Ke3
g5 34. fxg5 Bxh2 35. Re1 Rf7 36. Rb1 Kd8 37. Rh1 Bc7 38. Rh6 Kd7 39. g6 hxg6
40. Rxg6 Bh2 41. Ke2 Bc7 42. Rg8 a5 43. Rg5 Ke7 44. a4 Rf6 45. Rg8 Rf8 1/2-1/2

[Event "7th Boris Kostic mem"]
[Site "Vrsac"]
[EventDate "1977.09.14"]
[Date "1977.09.28"]
[Round "13"]
[White "Ivanovic, Bozidar"]
[Black "Kapelan, Milorad"]
[Result "1-0"]
[WhiteElo "2440"]
[BlackElo "2340"]
[PlyCount "103"]
[Source "Perpetual Check"]

1. e4 c5 2. Nf3 Nc6 3. d4 cxd4 4. Nxd4 Nf6 5. Nc3 d6 6. Bg5 e6 7. Qd2 a6 8.
O-O-O Bd7 9. f4 Be7 10. Nf3 b5 11. Bxf6 gxf6 12. Kb1 Qb6 13. f5 O-O-O 14. g3
Kb8 15. fxe6 fxe6 16. Bh3 Bc8 17. Qe1 Qc5 18. Ne2 d5 19. exd5 Rxd5 20. Rxd5
Qxd5 21. Nf4 Qd6 22. Bxe6 Bb7 23. Bd5 Ne5 24. Bxb7 Kxb7 25. Nxe5 Qxe5 26. Qxe5
fxe5 27. Re1 Bd6 28. Nd3 Re8 29. Nf2 Rf8 30. Ne4 Be7 31. Kc1 Kc6 32. Kd2 Kd5
33. Ke3 Rc8 34. c3 Ke6 35. Rf1 h5 36. b3 a5 37. Rc1 h4 38. g4 h3 39. c4 bxc4
40. Rxc4 Rf8 41. Rc6+ Kd5 42. Ra6 Rf4 43. Rxa5+ Ke6 44. Ra6+ Kf7 45. g5 Rg4 46.
Rh6 Kg7 47. Rxh3 Rg2 48. Kf3 Rxa2 49. Kg4 Rb2 50. Kf5 Bd8 51. Rd3 Bb6 52. Rd7+
1-0

[Event "7th Boris Kostic mem"]
[Site "Vrsac"]
[EventDate "1977.09.14"]
[Date "1977.09.28"]
[Round "13"]
[White "Marjanovic, Slavoljub"]
[Black "Hernandez Onna, Roman"]
[Result "1-0"]
[WhiteElo "2355"]
[BlackElo "2435"]
[PlyCount "71"]
[Source "Perpetual Check"]

1. e4 c5 2. Nc3 Nc6 3. g3 g6 4. Bg2 Bg7 5. d3 d6 6. f4 Rb8 7. Nf3 Nf6 8. O-O
O-O 9. h3 b5 10. a3 a5 11. Be3 b4 12. axb4 axb4 13. Ne2 Bb7 14. b3 Qc7 15. g4
Ra8 16. Rc1 Ra2 17. Qe1 Nd7 18. Qh4 Nd4 19. Nexd4 cxd4 20. Nxd4 e5 21. Nf3 exf4
22. Bxf4 Ne5 23. Ne1 Nc6 24. Kh1 Nd4 25. Qf2 f5 26. gxf5 gxf5 27. Qd2 fxe4 28.
dxe4 Qb6 29. Qe3 Qa6 30. Nd3 Nxc2 31. Qg3 Qa7 32. Bxd6 Rxf1+ 33. Rxf1 Ra1 34.
Nc1 Rxc1 35. Rxc1 Ne3 36. Be5 1-0

[Event "7th Boris Kostic mem"]
[Site "Vrsac"]
[EventDate "1977.09.14"]
[Date "1977.09.28"]
[Round "13"]
[White "Kurajica, Bojan"]
[Black "Bukic, Enver"]
[Result "1/2-1/2"]
[WhiteElo "2530"]
[BlackElo "2490"]
[PlyCount "35"]
[Source "Perpetual Check"]

1. e4 c6 2. d4 d5 3. Nc3 dxe4 4. Nxe4 Bf5 5. Ng3 Bg6 6. h4 h6 7. Nf3 Nd7 8. Bd3
Bxd3 9. Qxd3 Ngf6 10. Bd2 e6 11. Ne4 Nxe4 12. Qxe4 Qc7 13. O-O-O Bd6 14. c4 Nf6
15. Qe2 Bf4 16. g3 Bxd2+ 17. Rxd2 Qa5 18. a3 1/2-1/2

[Event "7th Boris Kostic mem"]
[Site "Vrsac"]
[EventDate "1977.09.14"]
[Date "1977.09.28"]
[Round "13"]
[White "Makarichev, Sergei"]
[Black "Marovic, Drazen"]
[Result "1/2-1/2"]
[WhiteElo "2515"]
[BlackElo "2475"]
[PlyCount "37"]
[Source "Perpetual Check"]

1. e4 e6 2. d4 d5 3. Nc3 Bb4 4. e5 c5 5. a3 Bxc3+ 6. bxc3 Ne7 7. a4 Nbc6 8. Nf3
Qa5 9. Bd2 Bd7 10. Be2 c4 11. O-O O-O-O 12. Ng5 Rdf8 13. Bh5 Nd8 14. Qc1 f5 15.
exf6 gxf6 16. Nf3 Ng6 17. Re1 Nf7 18. Qa3 Qc7 19. a5 1/2-1/2

[Event "7th Boris Kostic mem"]
[Site "Vrsac"]
[EventDate "1977.09.14"]
[Date "1977.09.29"]
[Round "14"]
[White "Quinteros, Miguel Angel"]
[Black "Marovic, Drazen"]
[Result "1/2-1/2"]
[WhiteElo "2555"]
[BlackElo "2475"]
[PlyCount "80"]
[Source "Perpetual Check"]

1. c4 c6 2. Nf3 d5 3. e3 Nf6 4. Nc3 e6 5. d4 Nbd7 6. Bd3 dxc4 7. Bxc4 b5 8. Bd3
Bb7 9. O-O a6 10. e4 b4 11. Na4 c5 12. e5 Nd5 13. Re1 h6 14. Bd2 Be7 15. Rc1
Rc8 16. Qe2 Qa5 17. Nxc5 Nxc5 18. dxc5 Rxc5 19. Bb1 Qb6 20. Red1 a5 21. Bc2 Kf8
22. h3 g6 23. Bb3 Kg7 24. Rxc5 Bxc5 25. Bc1 Ne7 26. Rd7 Bc6 27. Rd1 Nf5 28. Ne1
Ng3 29. Qc2 a4 30. Bc4 Nf5 31. Qd2 g5 32. Nd3 Nh4 33. Nxc5 Qxc5 34. Bf1 Qxe5
35. Qxb4 Nf5 36. Bd2 f6 37. Bc3 Qc7 38. Qc4 Re8 39. Qc5 Qb7 40. Re1 Bd5 1/2-1/2

[Event "7th Boris Kostic mem"]
[Site "Vrsac"]
[EventDate "1977.09.14"]
[Date "1977.09.29"]
[Round "14"]
[White "Bukic, Enver"]
[Black "Smejkal, Jan"]
[Result "1/2-1/2"]
[WhiteElo "2490"]
[BlackElo "2575"]
[PlyCount "40"]
[Source "Perpetual Check"]

1. Nf3 Nf6 2. c4 b6 3. g3 c5 4. Bg2 Bb7 5. O-O e6 6. Nc3 Be7 7. d4 cxd4 8. Qxd4
d6 9. Rd1 a6 10. b3 Nbd7 11. Bb2 O-O 12. Qe3 Qc7 13. Rac1 Rfe8 14. h3 Rac8 15.
Nd4 Bxg2 16. Kxg2 Ne5 17. Nf3 Nxf3 18. Qxf3 Qb8 19. Ne4 Nxe4 20. Qxe4 h5
1/2-1/2

[Event "7th Boris Kostic mem"]
[Site "Vrsac"]
[EventDate "1977.09.14"]
[Date "1977.09.29"]
[Round "14"]
[White "Hernandez Onna, Roman"]
[Black "Kurajica, Bojan"]
[Result "1/2-1/2"]
[WhiteElo "2435"]
[BlackElo "2530"]
[PlyCount "103"]
[Source "Perpetual Check"]

1. c4 g6 2. Nc3 Bg7 3. d4 d6 4. Nf3 Nd7 5. g3 e5 6. Bg2 f6 7. O-O Nh6 8. dxe5
dxe5 9. b3 O-O 10. Ba3 Re8 11. Qc2 f5 12. e4 f4 13. Rad1 g5 14. h3 c6 15. g4
Nf7 16. Qe2 Qf6 17. Na4 Bf8 18. Bb2 a6 19. Rd2 b5 20. Nc3 Be7 21. Rc1 Rb8 22.
Rdc2 Qe6 23. Nd2 b4 24. Na4 c5 25. Nf1 Nf6 26. Ba1 h5 27. f3 Bd7 28. Nb2 Kg7
29. Nd3 Rh8 30. Rd1 Bc6 31. Nf2 a5 32. Rd5 Bd6 33. Rcd2 Bxd5 34. exd5 Qe7 35.
Rd1 a4 36. gxh5 axb3 37. axb3 Nxh5 38. Ng4 Ra8 39. Re1 Rhe8 40. Bb2 Ra7 41. Qc2
Kf8 42. Re2 Nf6 43. Nfh2 Ra6 44. Bf1 Bc7 45. Re1 Kg7 46. Bd3 Nh5 47. Nf1 Rh8
48. Qe2 Nf6 49. Nf2 g4 50. hxg4 Ne8 51. Bf5 Rh4 52. Be4 1/2-1/2

[Event "7th Boris Kostic mem"]
[Site "Vrsac"]
[EventDate "1977.09.14"]
[Date "1977.09.29"]
[Round "14"]
[White "Kapelan, Milorad"]
[Black "Marjanovic, Slavoljub"]
[Result "0-1"]
[WhiteElo "2340"]
[BlackElo "2355"]
[PlyCount "86"]
[Source "Perpetual Check"]

1. Nf3 Nf6 2. c4 g6 3. g3 Bg7 4. Bg2 O-O 5. O-O d6 6. d4 Nc6 7. d5 Na5 8. Nfd2
c6 9. Nc3 cxd5 10. cxd5 Bd7 11. Nb3 Rc8 12. Nxa5 Qxa5 13. Qb3 Rc7 14. Bd2 Rfc8
15. a4 b6 16. h3 Rc4 17. Rfd1 Qc5 18. e4 Nh5 19. Be3 Qb4 20. Qxb4 Rxb4 21. g4
Nf6 22. Rdc1 h5 23. g5 Ne8 24. Nb5 Rxc1+ 25. Rxc1 Rxa4 26. b3 Ra2 27. Bf1 Kf8
28. Kg2 f5 29. exf5 Bxf5 30. Kg3 Bb2 31. Rc4 Ra1 32. Be2 Re1 33. Kf3 Bxh3 34.
Bd3 Rg1 35. Bd2 Bg2+ 36. Ke3 Bxd5 37. Rc8 Rxg5 38. Ke2 Re5+ 39. Kf1 Be6 40. Rb8
Kf7 41. Nxa7 Rd5 42. Bb5 Nc7 43. Bh6 Bh3+ 0-1

[Event "7th Boris Kostic mem"]
[Site "Vrsac"]
[EventDate "1977.09.14"]
[Date "1977.09.29"]
[Round "14"]
[White "Schmidt, Wlodzimierz"]
[Black "Ivanovic, Bozidar"]
[Result "1-0"]
[WhiteElo "2490"]
[BlackElo "2440"]
[PlyCount "119"]
[Source "Perpetual Check"]

1. Nf3 g6 2. c4 Bg7 3. d4 Nf6 4. Nc3 O-O 5. e4 c6 6. e5 Ne8 7. Be2 a6 8. Bf4 d6
9. O-O d5 10. cxd5 cxd5 11. h3 Nc6 12. Qd2 Nc7 13. Rad1 b5 14. Bh6 Rb8 15. Rfe1
Bd7 16. b3 Qc8 17. Rc1 Qb7 18. Bxg7 Kxg7 19. Nd1 f5 20. exf6+ exf6 21. Ne3 Rbc8
22. Rc5 Ne7 23. Bd3 Ne6 24. Rxc8 Rxc8 25. Ng4 Ng8 26. b4 Qc7 27. Ne3 Nf4 28.
Bc2 Qd6 29. Bb3 Ne7 30. h4 Nf5 31. g3 Nxe3 32. Rxe3 Ne6 33. a3 Nd8 34. Rc3 Rxc3
35. Qxc3 Ne6 36. Kf1 a5 37. Ke2 Kf7 38. Kd2 axb4 39. axb4 Kg7 40. Ne1 g5 41.
hxg5 fxg5 42. Nd3 h5 43. Nc5 h4 44. Qe3 hxg3 45. fxg3 Kf8 46. Qe5 Ke7 47. Bxd5
Qxe5 48. dxe5 Ng7 49. Nxd7 Kxd7 50. g4 Ne6 51. Ke3 Nf4 52. Kd4 Kc7 53. Be4 Kb6
54. Bf3 Kc7 55. Bd5 Kb6 56. e6 Kc7 57. Ke5 Kd8 58. Kd6 Ng6 59. Bc6 Ne7 60. Bd7
1-0

[Event "7th Boris Kostic mem"]
[Site "Vrsac"]
[EventDate "1977.09.14"]
[Date "1977.09.29"]
[Round "14"]
[White "Matanovic, Aleksandar"]
[Black "Knezevic, Milorad"]
[Result "1/2-1/2"]
[WhiteElo "2505"]
[BlackElo "2500"]
[PlyCount "125"]
[Source "Perpetual Check"]

1. e4 Nf6 2. e5 Nd5 3. d4 d6 4. Nf3 dxe5 5. Nxe5 g6 6. Bc4 Be6 7. O-O Bg7 8.
Qe2 Nd7 9. Nf3 N7f6 10. Bb3 c6 11. c4 Nc7 12. Nc3 O-O 13. Be3 b5 14. cxb5 Bxb3
15. axb3 cxb5 16. Nxb5 Nxb5 17. Qxb5 Qd5 18. Qb4 Qe4 19. Rfe1 Rfb8 20. Qc5 Rc8
21. Qa3 Qb7 22. Bg5 e6 23. Bxf6 Bxf6 24. Rac1 Rc6 25. Rxc6 Qxc6 26. Qb4 Rd8 27.
Qc3 Qd5 28. Ra1 Bxd4 29. Nxd4 Qxd4 30. Qxd4 Rxd4 31. Kf1 Rd7 32. Ke2 Kg7 33.
Ra4 Kf6 34. Rb4 Ke5 35. Rb8 h5 36. h3 Kd6 37. Ke3 Kc6 38. Rc8+ Rc7 39. Rf8 Rb7
40. Kf4 Kd6 41. Rd8+ Ke7 42. Rd3 Rb4+ 43. Ke3 e5 44. Rc3 Kd6 45. Rd3+ Ke6 46.
Rc3 f5 47. Kd2 Rb6 48. Ke2 Kf6 49. h4 g5 50. hxg5+ Kxg5 51. Rg3+ Kf6 52. Rh3 e4
53. Rxh5 Rxb3 54. g4 Rxb2+ 55. Ke3 Rb3+ 56. Ke2 fxg4 57. Ra5 Rb7 58. Ke3 Re7
59. Kf4 g3 60. Kxg3 e3 61. fxe3 Rxe3+ 62. Kf4 Re7 63. Rf5+ 1/2-1/2

[Event "7th Boris Kostic mem"]
[Site "Vrsac"]
[EventDate "1977.09.14"]
[Date "1977.10.01"]
[Round "15"]
[White "Ivanovic, Bozidar"]
[Black "Janosevic, Dragoljub"]
[Result "1/2-1/2"]
[WhiteElo "2440"]
[BlackElo "2435"]
[PlyCount "28"]
[Source "Perpetual Check"]

1. e4 c5 2. Nf3 Nc6 3. d4 cxd4 4. Nxd4 Qc7 5. Nc3 e6 6. Be2 a6 7. O-O Nf6 8.
Kh1 Be7 9. f4 d6 10. Be3 Bd7 11. Qe1 b5 12. a3 O-O 13. Qg3 Nxd4 14. Bxd4 Bc6
1/2-1/2

[Event "7th Boris Kostic mem"]
[Site "Vrsac"]
[EventDate "1977.09.14"]
[Date "1977.10.01"]
[Round "15"]
[White "Marjanovic, Slavoljub"]
[Black "Schmidt, Wlodzimierz"]
[Result "1/2-1/2"]
[WhiteElo "2355"]
[BlackElo "2490"]
[PlyCount "25"]
[Source "Perpetual Check"]

1. e4 c5 2. Nf3 e6 3. c3 d5 4. exd5 exd5 5. d4 Nc6 6. Bb5 Bd6 7. O-O Nge7 8.
dxc5 Bxc5 9. Nbd2 O-O 10. Nb3 Bb6 11. Re1 Bf5 12. Bd3 h6 13. Bc2 1/2-1/2

[Event "7th Boris Kostic mem"]
[Site "Vrsac"]
[EventDate "1977.09.14"]
[Date "1977.10.01"]
[Round "15"]
[White "Kurajica, Bojan"]
[Black "Kapelan, Milorad"]
[Result "1-0"]
[WhiteElo "2530"]
[BlackElo "2340"]
[PlyCount "65"]
[Source "Perpetual Check"]

1. e4 c5 2. Nf3 d6 3. Nc3 Nf6 4. d4 cxd4 5. Nxd4 Nc6 6. Nb3 e6 7. Be2 Be7 8.
O-O a6 9. a4 Qc7 10. f4 b6 11. Bf3 Bb7 12. Be3 O-O 13. g4 Nd7 14. g5 Rfd8 15.
Bg2 Nc5 16. Qe2 Bf8 17. h4 Nb4 18. Nd4 e5 19. Nf5 d5 20. exd5 Nxd5 21. Nxd5
Bxd5 22. Bxd5 Rxd5 23. Qg2 Rad8 24. fxe5 Qxe5 25. c4 Rd3 26. Rae1 Qc7 27. Nh6+
gxh6 28. gxh6+ Kh8 29. Bf4 Qxf4 30. Rxf4 Bxh6 31. Rg4 Ne6 32. Qf1 Bg7 33. Qxf7
1-0

[Event "7th Boris Kostic mem"]
[Site "Vrsac"]
[EventDate "1977.09.14"]
[Date "1977.10.01"]
[Round "15"]
[White "Makarichev, Sergei"]
[Black "Bukic, Enver"]
[Result "1/2-1/2"]
[WhiteElo "2515"]
[BlackElo "2490"]
[PlyCount "28"]
[Source "Perpetual Check"]

1. c4 g6 2. Nc3 c5 3. g3 Bg7 4. Bg2 Nc6 5. e3 e6 6. Nge2 Nge7 7. O-O O-O 8. d4
cxd4 9. Nxd4 Nxd4 10. exd4 d5 11. cxd5 Nxd5 12. Nxd5 exd5 13. Be3 Be6 14. Qb3
Qb6 1/2-1/2